000 00763nam a2200217 a 4500
005 20140412111316.0
008 001218s19uu xx 00 eng d
020 _a0-679-84032-X
050 _aER
_bBe35Go 1993
100 _aBerenstain, Stan
245 _aBerenstain Bears (The): Gotta dance! /
_cStan & Jan Berenstain.
260 _aNew York :
_bRandom House,
_c1993.
300 _a102 p. ; ill.
440 _aA Big Chapter Books
520 _aWith the help of Sister's ballet teacher, Brother Bear conquers his fear of dancing and can ask his favorite girl cub to the school dance.
650 _aDancing -- Fiction
650 _aBallet dancing -- Fiction
650 _aBears -- Fiction
650 _aBrothers and sisters -- Fiction
999 _c104243
_d104243